Modelo de gestión de los sistemas orientados a la satisfacción del cliente en una empresa comercializadora
Uloženo v:
| Hlavní autor: | |
|---|---|
| Další autoři: | , |
| Médium: | Kniha |
| Vydáno: |
2006
[San José, Costa Rica]
|
| Témata: | |
| Tagy: |
Přidat tag
Žádné tagy, Buďte první, kdo vytvoří štítek k tomuto záznamu!
|
MARC
| LEADER | 00000nam a2200000Ia 4500 | ||
|---|---|---|---|
| 003 | 009780 | ||
| 005 | 20221231144119.0 | ||
| 008 | 140114s2006 cr a 000 ||s d | ||
| 040 | |c cru CEDI | ||
| 090 | |a TFG 5308 | ||
| 100 | |a Jiménez Fonseca, Juan Ignacio |9 5411 | ||
| 245 | |a Modelo de gestión de los sistemas orientados a la satisfacción del cliente en una empresa comercializadora | ||
| 260 | |c [San José, Costa Rica] |b 2006 | ||
| 300 | |a xii, 108, [127] hojas : ilustraciones a color | ||
| 500 | |a Proyecto de graduación (licenciatura en ingeniería industrial)--Universidad de Costa Rica. Facultad de Ingeniería. Escuela de Ingeniería Industrial | ||
| 650 | |x EMPRESAS COMERCIALES |x ADMINISTRACION |x DIAGNOSTICO |x SATISFACCION DEL CLIENTE |x CAMBIO ORGANIZACIONAL |x PLANIFICACION EMPRESARIAL |9 5416 | ||
| 700 | |9 5414 |a León Lee, Lucía | ||
| 700 | |9 5415 |a Moreno Conejo, Daniel | ||
| 942 | |c TFG | ||
| 999 | |c 17084 |d 17084 | ||
